000
00336 a2200109 4500
001
ART_2778
005
20260410161710.0
008
260409a
245
1
0
_a
Inflación y política de precios empresarial
100
1
_a
Villanueva, Javier
773
0
_t
Desarrollo económico
_g
- Vol. 2, Nº 4 (ene./mar. 1963)
_w
REV1174
999
_c
15973
_d
15973